1056 1437 1118 1064 1923 1318 1587 1662 1774 1949 1775 1309 1801 1284 1716 1204 1119 1150 1837 1151 1303 1017 1870 1261 1370 1114 1150 1240 1072 1057 1962 1561 1904 1320 1927 1501 1941 1119 1196 1452 1591 1712 1991 1691 1476 1852 1009 1520 1124 1654 1311 1279 1672 1061 1780 1435 1081 1110 1098 1134 1549 1012 1398 1472 1372 1573 1280 1935 1250 1821 1510 1400 1403 1663 1312 1076 1784 1420 1622 1705 1018 1677 1128 1252 1608 1409 1329 1710 1320 1233 1169 1493 1399 1134 1806 1014 1116 1124 1304 BCNSPRNW ULIB Ver.6.0+V

เปลี่ยนเป็นภาษาไทย

Change to English
 แสดงรายละเอียดบรรณานุกรม
  กลับหน้าหลัก

Brief Record : Get Marc (ISO 2709) : E-mail record : QR code < ปิดหน้าต่าง
LEADER : 00000nam 2200000uu 4500
001    13399112846
003     ULIB
008    110913s2551||||th 000 0 tha d
020    9789740320821
060 04 QY4^bว711ก 2551
100 0  วิโรจน์ ไววานิชกิจ
245 10 เกร็ดพยาธิวิทยาคลินิก /^cวิโรจน์ ไววานิชกิจ
250    พิมพ์ครั้งที่ 1
260    กรุงเทพฯ :^bสำนักพิมพ์แห่งจุฬาลงกรณ์มหาวิทยาลัย,^c2551
300    83 หน้า :^bภาพประกอบ ;^c21 ซม.
650  7 พยาธิวิทยาคลินิก
650  7 การวินิจฉัยโรคทางห้องปฏิบัติการ
945    ^p90^l0^i16967
945    ^p90^l0^i16966
945    ^p90^l0^i15215
995    กัณชพร
999    ^aใช้งานได้ทุกระบบ
รายการนี้ยังไม่มีแท็ก
คุณยังไม่ได้ล็อกอิน คุณสามารถมีกิจกรรมร่วมกับเว็บไซต์ได้ แต่ต้องล็อกอินก่อน ::
  ล็อกอิน

รายการสื่อสารสนเทศ

ลำดับที่ ประเภท เลขเรียก/บาร์โค้ด สถานที่ สถานะ
1. วิทยาศาสตร์การแพทย์ และสุขภาพ
วิทยาศาสตร์การแพทย์ และสุขภาพ
QY4 ว711ก 2551  
  Barcode: 16967
ห้องสมุดวิทยาเขตสวรรค์ประชารักษ์
►ส่วนจัดเก็บหนังสือเก่า สปร
บนชั้น
  ขอยืม
2. วิทยาศาสตร์การแพทย์ และสุขภาพ
วิทยาศาสตร์การแพทย์ และสุขภาพ
QY4 ว711ก 2551 ฉ.2 
  Barcode: 16966
ห้องสมุดวิทยาเขตสวรรค์ประชารักษ์
►ส่วนจัดเก็บหนังสือเก่า สปร
บนชั้น
  ขอยืม
3. วิทยาศาสตร์การแพทย์ และสุขภาพ
วิทยาศาสตร์การแพทย์ และสุขภาพ
QY4 ว711ก 2551 ฉ.3 
  Barcode: 15215
ห้องสมุดวิทยาเขตสวรรค์ประชารักษ์
►ส่วนจัดเก็บหนังสือเก่า สปร
บนชั้น
  ขอยืม

รายการใกล้เคียง
    ผู้แต่ง [วิโรจน์ ไววานิชกิจ]

    หัวเรื่อง [พยาธิวิทยาคลินิก]
    หัวเรื่อง [การวินิจฉัยโรคทางห้องปฏิบัติการ]

BibComment


ยังไม่เคยถูกคอมเมนท์

คอมเมนท์ทรัพยากรรายการนี้
  คอมเมนท์: เกร็ดพยาธิวิทยาคล..


 Copyright 2026. Bcnsprnw @Library